Normal view
MARC view
- INMIC 2003.GIK.IEEE INMIC 2003.TECHNOLOGY FOR THE 21ST CENTURY
Entry Topical Term
001 - CONTROL NUMBER
- control field: 64407
003 - CONTROL NUMBER IDENTIFIER
- control field: NUST
005 - DATE AND TIME OF LATEST TRANSACTION
- control field: 20210628203252.0
008 - FIXED-LENGTH DATA ELEMENTS
- fixed length control field: 210628|| aca||aabn | a|a d
040 ## - CATALOGING SOURCE
- Original cataloging agency: NUST
- Transcribing agency: NUST
150 ## - HEADING--TOPICAL TERM
- Topical term or geographic name entry element: INMIC 2003.GIK.IEEE INMIC 2003.TECHNOLOGY FOR THE 21ST CENTURY
670 ## - SOURCE DATA FOUND
- Source citation: Work cat.: (NUST): Ieee Islamabad Section , Gik 64406, Proceeding inmic 2003, 7th international multitopic conference 8-9 december,ieee islamabd section, 2003
